Trudnyj chod agrarnoj reformy v Rossijskoj federacii. Agrarnyje preobrazovanija.

V prvej etape poľnohospodárskej reformy sa ukázalo, že samotné prerozdelenie pôdy a vytváranie fariem nevyvedie poľnohospodárstvo z krízy, že je nevyhnutné zmeniť vzťahy vo vnútri poľnohospodárskych podnikov, vybudovať ekonomickú a technologickú infraštruktúru a zabezpečiť podporu štátu poľnohospodá...

Description complète

Enregistré dans:
Détails bibliographiques
Auteur principal: Chlystun, V.
Format: Chapitre de livre
Langue:russe
Sujets:
Tags: Ajouter un tag
Pas de tags, Soyez le premier à ajouter un tag!

MARC

LEADER 00000naa a2200000 4500
001 r009750
005 20221208123144.6
041 0 |a rus 
044 |a [SU] 
245 1 0 |a Trudnyj chod agrarnoj reformy v Rossijskoj federacii.  |b Agrarnyje preobrazovanija.  |c V. Chlystun 
520 |a V prvej etape poľnohospodárskej reformy sa ukázalo, že samotné prerozdelenie pôdy a vytváranie fariem nevyvedie poľnohospodárstvo z krízy, že je nevyhnutné zmeniť vzťahy vo vnútri poľnohospodárskych podnikov, vybudovať ekonomickú a technologickú infraštruktúru a zabezpečiť podporu štátu poľnohospodárskym výrobcom. Prijal sa rad dokumentov, zabezpečujúcich rozsiahlejšiu agrárnu reformu, určujúcich jej filozofiu, obsah a konkrétny mechanizmus. Charakteristika predpokladaných a uskutočňovaných opatrení. 
610 2 0 |a reformy hospodárske 
610 2 0 |a poľnohospodárstvo 
610 2 0 |a Rusko 
610 2 0 |a reformy pozemkové 
610 2 0 |a podnik poľnohospodársky 
610 2 0 |a infraštruktúra technická 
610 2 0 |a dokumenty vládne 
100 1 |a Chlystun, V.